Anagrammes - Vocabulaire - Série 21 - Statistiques

Statistiques générales
  • Ce quiz a été pris 83 fois
  • Le résultat moyen est 7 sur 14
Statistiques - réponses
Indice Anagramme Mot % Correct
poisson AIRE raie
95%
revenu ENTER rente
86%
tube NONE neon
84%
protection ETAI taie
78%
tare EPEES pesee
72%
filet NENES senne
69%
lustrées CERISE cirees
64%
pris SUENT tenus
61%
estime SCEPTRE respect
38%
frontalier NOIRAUDE douanier
19%
ouvertures RENNAIS narines
14%
oiseau EPANDIT pintade
13%
réel CENSIER sincere
11%
écrivains POLARISER paroliers
9%
Aucun quiz correspondant
Distribution des résultats
% des personnes avec chaque résultat
Percentile par nombre de réponses
Votre historique - résultats
Vous n’avez pas pris ce quiz